MARC

LEADER 00000nam0a2200000 4500
001 284244
005 20231101235657.0
035 |a (RuTPU)RU\TPU\book\308389 
090 |a 284244 
100 |a 20150213d1984 k y0rusy50 ca 
101 0 |a rus 
102 |a RU 
105 |a a z 001zy 
200 1 |a Религия первобытного общества в свете современных данных  |e сборник научных трудов  |f Государственный музей истории религии и атеизма ; под ред. М. С. Бутиновой 
210 |a Ленинград  |c Изд-во ГМИРиА  |d 1984 
215 |a 152 с.  |c ил. 
320 |a Библиография в конце статей 
606 1 |a Первобытная религия  |2 stltpush  |3 (RuTPU)RU\TPU\subj\48471  |9 67335 
610 1 |a происхождение 
610 1 |a религиозные представления 
610 1 |a религиозные обряды 
610 1 |a социальная роль 
610 1 |a первобытное общество 
610 1 |a первобытное искусство 
610 1 |a этнографические источники 
610 1 |a религиозные верования 
686 |a Э31  |v LBC/SL-A  |2 rubbk 
702 1 |a Бутинова  |b М. С.  |4 340 
712 0 2 |a Государственный музей истории религии и атеизма  |c (Ленинград)  |c (1961-1990)  |2 stltpush  |3 (RuTPU)RU\TPU\col\21911  |9 28153 
801 1 |a RU  |b 63413507  |c 20150213 
801 2 |a RU  |b 63413507  |c 20171006  |g RCR 
942 |c BK